The shack : (Record no. 289035)
[ view plain ]
| 000 -LEADER | |
|---|---|
| fixed length control field | 00767cam a2200229 a 4500 |
| 003 - CONTROL NUMBER IDENTIFIER | |
| control field | PILC |
| 005 - DATE AND TIME OF LATEST TRANSACTION | |
| control field | 20160105151052.0 |
| 008 - FIXED-LENGTH DATA ELEMENTS--GENERAL INFORMATION | |
| fixed length control field | |
| 020 ## - INTERNATIONAL STANDARD BOOK NUMBER | |
| International Standard Book Number | 9781609414115 |
| 050 00 - LIBRARY OF CONGRESS CALL NUMBER | |
| Classification number | PR 9199.4 |
| Item number | .Y696 2011 |
| 100 1# - MAIN ENTRY--PERSONAL NAME | |
| Personal name | Young, William P. |
| 245 14 - TITLE STATEMENT | |
| Title | The shack : |
| Remainder of title | where tragedy confronts eternity : a novel / |
| Statement of responsibility, etc | by Wm. Paul Young ; in collaboration with Wayne Jacobsen and Brad Cummings. |
| 250 ## - EDITION STATEMENT | |
| Edition statement | 1st Mass market ed. |
| 260 ## - PUBLICATION, DISTRIBUTION, ETC. (IMPRINT) | |
| Place of publication, distribution, etc | Newbury Park, Calif. : |
| Name of publisher, distributor, etc | Windblown Media, |
| Date of publication, distribution, etc | 2007. |
| 300 ## - PHYSICAL DESCRIPTION | |
| Extent | xviii, 279 pages ; |
| Dimensions | 18 cm. |
| 650 #0 - SUBJECT ADDED ENTRY--TOPICAL TERM | |
| Topical term or geographic name as entry element | Life change events |
| Form subdivision | Fiction. |
| 650 #0 - SUBJECT ADDED ENTRY--TOPICAL TERM | |
| Topical term or geographic name as entry element | Missing children |
| Form subdivision | Fiction. |
| 651 #0 - SUBJECT ADDED ENTRY--GEOGRAPHIC NAME | |
| Geographic name | Oregon |
| Form subdivision | Fiction. |
| 700 1# - ADDED ENTRY--PERSONAL NAME | |
| Personal name | Jacobsen, Wayne. |
| 700 1# - ADDED ENTRY--PERSONAL NAME | |
| Personal name | Cummings, Brad. |
| 942 ## - ADDED ENTRY ELEMENTS (KOHA) | |
| Source of classification or shelving scheme | Library of Congress Classification |
| Koha item type | Books |
| Call number prefix | Foreign |
| Withdrawn status | Lost status | Source of classification or shelving scheme | Damaged status | Home library | Current library | Shelving location | Date acquired | Source of acquisition | Sub Shelving location | Total Checkouts | Total Renewals | Full call number | Barcode | Date last seen | Date checked out | Price effective from | Koha item type |
|---|---|---|---|---|---|---|---|---|---|---|---|---|---|---|---|---|---|
| Library of Congress Classification | College Library | College Library | Fiction Section | 01/05/2016 | Donation | 2 | 1 | PR 9199.4 .Y696 2011 | C20353 | 04/27/2023 | 04/20/2023 | 01/05/2016 | Books |